Product Mascots Quiz Stats

 Plays Quiz Updated Nov 14, 2014

Score 0/36 Timer 07:00
12 Plays Today
% Correct
KFC
98.6%
McDonalds
95.4%
M&Ms
94.6%
Kellogg's Frosted Flakes
91.4%
Kool Aid
91%
Wendy's
89.6%
Cheetos
89.3%
Energizer
89.2%
Mr. Clean
87.6%
Geico
85.7%
Green Giant Food Co.
85.5%
Gerber
82.4%
Pillsbury
80.7%
Camel Cigarettes
79.5%
Planters Nuts
78.9%
Nesquik
77.1%
Hamburger Helper
76%
Michelin
75.8%
% Correct
Lacoste
69.1%
Tootsie Pop
68.7%
Samuel Adams
66.3%
Chuck E Cheese
66.1%
Keebler Company
65.7%
Captain Morgan
64.9%
ToysRUs
63.6%
Jack in the Box
62.2%
Travelocity
58.4%
Sun Maid Raisins
57.7%
Kellogg's Corn Flakes
54.7%
Hawaiian Punch
50.2%
Starkist Tuna
48.1%
Vlasic Pickles
46.3%
Morton Salt
45.2%
Dominos Pizza
20.2%
Linux
18.9%
Bud Light
18.9%

You're not logged in!

Compare scores with friends on all Sporcle quizzes.
OR
Log In

Show Comments

Extras

Top Quizzes Today


Score Distribution

Your Account Isn't Verified!

In order to create a playlist on Sporcle, you need to verify the email address you used during registration. Go to your Sporcle Settings to finish the process.

Report this User

Report this user for behavior that violates our Community Guidelines.

Details: